China : An Evolving Market Economy; A Review of Reform Experience /

This paper examines China's reform experience since 1978, reviewing major initiatives taken and assessing their impact on economic structure and their implications for macroeconomic management and stability. It identifies some of the special conditions before and during the reform process that...

Ful tanımlama

Detaylı Bibliyografya
Yazar: Kochhar, Kalpana
Diğer Yazarlar: Bell, Michael
Materyal Türü: Dergi
Dil:English
Baskı/Yayın Bilgisi: Washington, D.C. : International Monetary Fund, 1992.
Seri Bilgileri:IMF Working Papers; Working Paper ; No. 1992/089
Online Erişim:Full text available on IMF
LEADER 01729cas a2200253 a 4500
001 AALejournalIMF002018
008 230101c9999 xx r poo 0 0eng d
020 |c 5.00 USD 
020 |z 9781451851212 
022 |a 1018-5941 
040 |a BD-DhAAL  |c BD-DhAAL 
100 1 |a Kochhar, Kalpana. 
245 1 0 |a China :   |b An Evolving Market Economy; A Review of Reform Experience /  |c Kalpana Kochhar, Michael Bell. 
264 1 |a Washington, D.C. :  |b International Monetary Fund,  |c 1992. 
300 |a 1 online resource (67 pages) 
490 1 |a IMF Working Papers 
500 |a <strong>Off-Campus Access:</strong> No User ID or Password Required 
500 |a <strong>On-Campus Access:</strong> No User ID or Password Required 
506 |a Electronic access restricted to authorized BRAC University faculty, staff and students 
520 3 |a This paper examines China's reform experience since 1978, reviewing major initiatives taken and assessing their impact on economic structure and their implications for macroeconomic management and stability. It identifies some of the special conditions before and during the reform process that impinged on China's capacity to implement reforms, and, in particular, those where China may differ from other countries undertaking reform, including former CPEs. A further consideration is the choice of the sequence and pace of reform and the structural and institutional changes that are needed to reorient the economy towards the market. 
538 |a Mode of access: Internet 
700 1 |a Bell, Michael. 
830 0 |a IMF Working Papers; Working Paper ;  |v No. 1992/089 
856 4 0 |z Full text available on IMF  |u http://elibrary.imf.org/view/journals/001/1992/089/001.1992.issue-089-en.xml  |z IMF e-Library